000 00453nam a2200145Ia 4500
008 231129s2010||||xx |||||||||||||| ||spa||
020 _a978-958-45-2561-1
040 _bspa
082 _a615.89 R741d
100 _aRojas Posada Santiago
245 0 _aDesintoxí­cate: Una guí­a para limpiar tu cuerpo mente y energí­a
260 _c2010
264 _aBogotá Colombia: Grupo Editorial Norma
942 _2ddc
_cBKS
999 _c9113
_d9113